Henri Atlan, Pour un athéisme éclairé. Des Lumières au monde hébraïque, L’hypothèse inutile. Odile Jacob, 2025, 208 páginas, 23,90 euros. (notice n° 1810207)

détails MARC
000 -LEADER
fixed length control field 00742cam a2200157 4500500
005 - DATE AND TIME OF LATEST TRANSACTION
control field 20260329001939.0
041 ## - LANGUAGE CODE
Language code of text/sound track or separate title fre
042 ## - AUTHENTICATION CODE
Authentication code dc
100 10 - MAIN ENTRY--PERSONAL NAME
Personal name Labey, Gildas
Relator term author
245 00 - TITLE STATEMENT
Title Henri Atlan, Pour un athéisme éclairé. Des Lumières au monde hébraïque, L’hypothèse inutile. Odile Jacob, 2025, 208 páginas, 23,90 euros.
260 ## - PUBLICATION, DISTRIBUTION, ETC.
Date of publication, distribution, etc. 2026.<br/>
500 ## - GENERAL NOTE
General note 63
520 ## - SUMMARY, ETC.
Summary, etc. Eva Jospin nos invita a un viaje hacia lo universal en el arte: la fascinante exploración de sus cuevas, presentada en el Grand Palais, nos invita a buscar las convergencias humanas.
786 0# - DATA SOURCE ENTRY
Note Études | 4334 | 2 | 2026-01-26 | p. 130a-131
856 41 - ELECTRONIC LOCATION AND ACCESS
Uniform Resource Identifier <a href="https://shs.cairn.info/revista-etudes-2026-2-page-130a?lang=es&redirect-ssocas=7080">https://shs.cairn.info/revista-etudes-2026-2-page-130a?lang=es&redirect-ssocas=7080</a>

Pas d'exemplaire disponible.

PLUDOC

PLUDOC est la plateforme unique et centralisée de gestion des bibliothèques physiques et numériques de Guinée administré par le CEDUST. Elle est la plus grande base de données de ressources documentaires pour les Étudiants, Enseignants chercheurs et Chercheurs de Guinée.

Adresse

627 919 101/664 919 101

25 boulevard du commerce
Kaloum, Conakry, Guinée

Réseaux sociaux

Powered by Netsen Group @ 2025